| 000 | 00677nam a22002297a 4500 | ||
|---|---|---|---|
| 003 | BD-DhJNU | ||
| 005 | 20250417053429.0 | ||
| 008 | 250417b |||||||| |||| 00| 0 eng d | ||
| 020 | _a9789353067038 | ||
| 040 |
_aBD-DhJNU _bENG _cBD-DhJNU _dBD-DhJNU |
||
| 082 |
_223 _a658.31 |
||
| 100 | _aRobbins, Stephen P. | ||
| 245 |
_aOrganizational behavior / _cStephen P. Robbins, Timothy A. Judge and Neharika Vohra |
||
| 250 | _a18th ed. | ||
| 260 |
_aIndia : _bPearson, _c2021. |
||
| 300 |
_axxxiv, 740 p. : _bill. ; _c27 cm. |
||
| 504 | _aincludes index | ||
| 650 | _aOrganizational Behavior | ||
| 700 | _aJudge, Timothy A. | ||
| 700 | _aVohra, Neharika | ||
| 942 |
_2ddc _cBK _n0 |
||
| 999 |
_c1589 _d1589 |
||